000 00265nam a22000977a 4500
999 _c11735
_d11735
008 200113b ||||| |||| 00| 0 eng d
020 _a9780689870118
100 _aBildner Phil
_97423
245 _aTwenty one Elephants
260 _aNew York
_bSimon & Schuster Books
_c2004